Pubs, bars and restaurants (Record no. 78701)

MARC details
000 -LEADER
fixed length control field 00904cam a22001935a 4500
001 - CONTROL NUMBER
control field L137738
008 - FIXED-LENGTH DATA ELEMENTS--GENERAL INFORMATION
fixed length control field 070425s2007 xxk f 000 0 eng d
035 ## - SYSTEM CONTROL NUMBER
System control number (Sirsi) u137738
041 0# - LANGUAGE CODE
Language code of text/sound track or separate title eng
100 1# - MAIN ENTRY--PERSONAL NAME
Personal name Negus, Richard
245 00 - TITLE STATEMENT
Title Pubs, bars and restaurants
Remainder of title when trading down is affected by your own covenant
260 ## - PUBLICATION, DISTRIBUTION, ETC.
Date of publication, distribution, etc. 2007
490 #0 - SERIES STATEMENT
Series statement Journal of Retail and Leisure Property
Volume/sequential designation 6(1) January 2007, 84-91(8)
520 ## - SUMMARY, ETC.
Summary, etc. Discusses the problems that can arise when disposing of leases held by tenants of good covenant strength to tenants of weaker financial standing. Considers in particular the restaurant sector where leasehold property is the preferred choice of tenure, and where the failure of new businesses is extremely high.
590 ## - LOCAL NOTE (RLIN)
Local note KA
651 #4 - SUBJECT ADDED ENTRY--GEOGRAPHIC NAME
Geographic name United Kingdom
Chronological subdivision
690 ## - LOCAL SUBJECT ADDED ENTRY--TOPICAL TERM (OCLC, RLIN)
Topical term or geographic name as entry element PROPERTY-COMMERCIAL PROPERTY-LEISURE PROPERTY-REFRESHMENT AND CULINARY PROPERTY
942 ## - ADDED ENTRY ELEMENTS (KOHA)
Suppress in OPAC 0
Holdings
Withdrawn status Lost status Source of classification or shelving scheme Damaged status Not for loan Home library Current library Shelving location Date acquired Total Checkouts Full call number Barcode Date last seen Copy number Price effective from Koha item type
    Dewey Decimal Classification     London London Journal article 25/04/2007   L137738 137738-1001 06/08/2019 1 06/08/2019 Journal article